A Young Man's Guide Making Rights Choices (Record no. 11985)

MARC details
000 -LEADER
fixed length control field 00340nam a22001337a 4500
008 - FIXED-LENGTH DATA ELEMENTS--GENERAL INFORMATION
fixed length control field 220209b ||||| |||| 00| 0 eng d
020 ## - INTERNATIONAL STANDARD BOOK NUMBER
International Standard Book Number 9789381905289
050 ## - LIBRARY OF CONGRESS CALL NUMBER
Classification number 230
Item number 1
100 ## - MAIN ENTRY--PERSONAL NAME
Personal name George Jim
9 (RLIN) 7545
245 ## - TITLE STATEMENT
Title A Young Man's Guide Making Rights Choices
260 ## - PUBLICATION, DISTRIBUTION, ETC. (IMPRINT)
Place of publication, distribution, etc. Telangana
Name of publisher, distributor, etc. GS Books
Date of publication, distribution, etc. 2012
300 ## - PHYSICAL DESCRIPTION
Extent 190.P
942 ## - ADDED ENTRY ELEMENTS (KOHA)
Source of classification or shelving scheme Dewey Decimal Classification
Koha item type BOOK
Holdings
Withdrawn status Lost status Source of classification or shelving scheme Damaged status Not for loan Home library Current library Shelving location Date acquired Total Checkouts Full call number Barcode Date last seen Date last checked out Price effective from Koha item type
    Dewey Decimal Classification     Good Samaritan School Library Good Samaritan School Library RELIGION 02/09/2022 1 230 , E-9 GEO17002 09/14/2023 09/13/2023 02/09/2022 BOOK

Powered by Koha